| 000 | 01067nam a2200325 a 4500 | ||
|---|---|---|---|
| 001 | 000046172 | ||
| 003 | DO-SdBNP | ||
| 005 | 20221130081215.0 | ||
| 007 | ta | ||
| 008 | 150701s1972 dr 000 0 spa d | ||
| 020 | _a9789945911046 | ||
| 040 |
_aDO-SdBNP _bspa _cBNPHU |
||
| 082 | 4 |
_222 _bJ58h |
|
| 100 |
_aJesús, Elvis de, _979076 _q(Elvis de Jesús de León) |
||
| 245 | 1 | 0 |
_aHebraísmos en las escrituras: _bparte 1. / _cElvis de Jesús, Ángel Duarte. |
| 260 |
_aSanto Domingo : _bTaller, _c1972. |
||
| 300 |
_a47 p. ; _c21 cm. |
||
| 490 | 1 |
_aBiblioteca Taller _v1 |
|
| 500 | _aIncluye datos biográficos de los autores en la contracubierta. | ||
| 504 | _aBibliografía: p. 47 | ||
| 590 | _aInventariado 2022 / MF | ||
| 650 | 4 |
_959866 _aUso de la Lengua hebrea |
|
| 650 | 4 |
_927663 _aLenguaje y Lenguas _xHebraísmos |
|
| 650 | 4 |
_91145 _aLenguaje y Lengua _xEnseñanza |
|
| 650 | 4 |
_915269 _aBiblia- Lenguaje y Estilo _xHebraísmos |
|
| 700 | 1 |
_aDuarte, Ángel. _974216 |
|
| 830 | 0 |
_aBiblioteca Taller. _v1 _9164 |
|
| 910 | _aMFeliz | ||
| 942 |
_2ddc _cLF2 |
||
| 999 |
_c45661 _d45661 |
||